| 000 -LEADER | |
|---|---|
| fixed length control field | 00401nam a22001697a 4500 |
| 005 - DATE AND TIME OF LATEST TRANSACTION | |
| control field | 20180327155447.0 |
| 008 - FIXED-LENGTH DATA ELEMENTS--GENERAL INFORMATION | |
| fixed length control field | 160518b xxu||||| |||| 00| 0 eng d |
| 020 ## - INTERNATIONAL STANDARD BOOK NUMBER | |
| ISBN | 81-7446-206-3 |
| 041 ## - LANGUAGE CODE | |
| Language code of text/sound track or separate title | eng |
| 082 ## - DEWEY DECIMAL CLASSIFICATION NUMBER | |
| Item number | 2691 |
| Classification number | 338.7 |
| 100 ## - MAIN ENTRY--AUTHOR NAME | |
| Personal name | Agarwal, Raj |
| 245 ## - TITLE STATEMENT | |
| Title | Business Environment |
| 260 ## - PUBLICATION, DISTRIBUTION, ETC. (IMPRINT) | |
| Place of publication | New Delhi |
| Name of publisher | Excel Books, |
| Year of publication | 2000 |
| 300 ## - PHYSICAL DESCRIPTION | |
| Number of Pages | 769 |
| 650 ## - SUBJECT ADDED ENTRY--TOPICAL TERM | |
| Topical Term | Management |
| 942 ## - ADDED ENTRY ELEMENTS (KOHA) | |
| Koha item type | Books |
| Lost status | Damaged status | Collection code | Home library | Current library | Shelving location | Date acquired | Cost, normal purchase price | Full call number | Accession Number | Koha item type | Source of acquisition |
|---|---|---|---|---|---|---|---|---|---|---|---|
| MANAGEMENT | JRU Library | JRU Library | SHELF-60-G | 18/05/2016 | 295.00 | 338.7 | 2691 | Books | |||
| MANAGEMENT | JRU Library | JRU Library | SHELF-60-G | 18/05/2016 | 295.00 | 338.7 | 2692 | Books | |||
| MANAGEMENT | JRU Library | JRU Library | SHELF-60-G | 18/05/2016 | 295.00 | 338.7 | 2693 | Books | PURCHASE | ||
| MANAGEMENT | JRU Library | JRU Library | SHELF-60-G | 18/05/2016 | 295.00 | 338.7 | 2694 | Books | |||
| MANAGEMENT | JRU Library | SHELF-60-G | 18/05/2016 | 295.00 | 338.7 | 2695 | Books | ||||
| MANAGEMENT | JRU Library | JRU Library | SHELF-41-K | 18/05/2016 | 295.00 | 338.7 | 2696 | Books | |||
| MANAGEMENT | JRU Library | JRU Library | SHELF-60-G | 18/05/2016 | 295.00 | 338.7 | 2697 | Books |